000 00549cam a2200181 4500500
005 20260405003447.0
041 _afre
042 _adc
100 1 0 _aN’Diaye, Aïda
_eauthor
245 0 0 _aMémo sur la nouvelle classe écologique
260 _c2022.
500 _a62
690 _aBruno Latour
690 _aClasses
690 _aPolitique
786 0 _nPhilosophie magazine | 156 | 2 | 2022-02-01 | p. 73-73 | 1951-1787
856 4 1 _uhttps://shs.cairn.info/magazine-philosophie-magazine-2022-2-page-73?lang=fr&redirect-ssocas=7080
999 _c2067739
_d2067739